000
00219nam a22000857a 4500
008
161013b xxu||||| |||| 00| 0 eng d
100
_9
832
_a
Goscinny.R.
245
_a
The Laurel Wreath
260
_a
USA
_b
Orion Publications
_c
2004
999
_c
3484
_d
3484